000 00956cam a22002897a 4500
003 CHAP
005 20220329140250.0
008 971013s1939 r 00010 d
010 _a49442
011 _a50414
035 _a54564
040 _cCHAP
082 _a583.32
_bF38
100 0 0 _aFassett, Norman Carter.
_939821
245 1 4 _aThe leguminous plants of wisconsin, the taxonomy, ecology, and distribution of the leguminosae growing in the state without cultivation
260 _aMadison :
_bWisconsin University,
_c1939
300 _a157 p.
_b: ilus.
590 _aBATCH-UPD
_b10
_c20130110
_lUCH01
_h0638
590 _aBATCH-UPD
_b10
_c20130410
_lUCH01
_h0322
590 _aBATCH-UPD
_b10
_c20130914
_lUCH01
_h0732
590 _aCONVERSION
_b10
_c20130109
_lUCH01
_h1327
650 1 4 _aBotánica
_xWisconsin.
_914634
650 1 4 _aLeguminosas.
_965807
901 _aBK
942 _cLIBRO
949 _a583.32 F38
_bBC
_cBPA
_d-120296
_eBPA
_h9794
_i54564
_si
999 _c49442
_d49442